| 000 | 00696cam a2200157 4500500 | ||
|---|---|---|---|
| 005 | 20260111093037.0 | ||
| 041 | _afre | ||
| 042 | _adc | ||
| 100 | 1 | 0 |
_aDaudin, Claire _eauthor |
| 245 | 0 | 0 | _aLa patience des pauvres |
| 260 | _c2016. | ||
| 500 | _a96 | ||
| 520 | _aNotre régime alimentaire a des conséquences négatives sur notre santé et sur celle de la planète. Des solutions existent pour faire naître une véritable transition alimentaire ; encore faut-il avoir la volonté politique de les mettre en place. | ||
| 786 | 0 | _nEsprit | Jui | 6 | 2016-06-06 | p. 131d-138d | 0014-0759 | |
| 856 | 4 | 1 | _uhttps://shs.cairn.info/revue-esprit-2016-6-page-131d?lang=fr&redirect-ssocas=7080 |
| 999 |
_c1625205 _d1625205 |
||